00914nam a2200193 a 450000100100000000500170001000800410002704000250006810000400009324501200013326000920025330000270034549000410037259000260041383000480043995201050048795201110059299900170070300003816720201002031203.0130320s2001 dr a r 000 0 spa d aDO-SdBNPbspacBNPHU1 aVillarini Jusino, Ángel R.96453613aEl currículo orientado al desarrollo humano integral y al aprendizaje auténtico /cÁngel R. Villarini Jusino. aSanto Domingo :bOrganización para el Fomento del Desarrollo del Pensamiento ,c2001. a47 p. :bil. ;c21 cm.1 aBiblioteca del pensamiento crítico aInventariado, 2019/BT 0aBiblioteca del pensamiento crítico964537 0010718PDaPDbPDcHDd2013-03-20iLF1l0o p38167-10r2020-06-25w2020-06-25yLFPDZNo se presta 0010718PDaPDbPDcHDd2018-10-15iLF1l0o p38167-20r2020-06-25te. 2w2020-06-25yLFPDZNo se presta c37657d37657